000
00298nam a2200121Ia 4500
008
190216s9999||||xx |||||||||||||| ||und||
100
_a
Abdul Al Ala Maududi
245
0
_a
Kathumunnubuvvathu
260
_b
Islamic Publishing House
_c
1966
300
_a
86p
650
_a
Islamic History
942
_c
BK
999
_c
21960
_d
21960